Fešáci - 30 let

Korporativní autor: Fešáci (hudební skupina)
Jazyk: Čeština
Vydáno: Praha : Monitor-EMI, p1997
Témata:
Fyzický popis: 1 CD ; 12 cm + 1 brožura [16 s.].
Zvukové nahrávky
Uloženo v:
LEADER 01084njm a2200385 a 4500
001 000248432
003 CZ BrMZK
005 19950101143423.0
008 950101s1997 xr f cze d
028 0 1 |a 7243-8-21486-2-3  |b Monitor-EMI 
040 |a BOA001  |b cze 
080 |a 784.4.03(086.7)  |2 MRF 
110 2 |a Fešáci (hudební skupina)  |7 kn20010710194  |4 prf 
245 1 0 |a Fešáci - 30 let  |h [zvukový záznam] /  |c Fešáci. 
246 3 3 |a Příběh 
246 3 3 |a Vyznání pumpařovo 
246 3 3 |a Blbej den 
246 3 3 |a Do tmy se koukej 
246 3 3 |a Dálnice 
246 3 3 |a Hroby hněvu 
246 3 3 |a Léta jdou 
246 3 3 |a Medley No. 1 
246 3 3 |a Medley No. 2 
246 3 3 |a Městský holky 
246 3 3 |a Nech to být 
246 3 3 |a Osud 
260 |a Praha :  |b Monitor-EMI,  |c p1997 
300 |a 1 CD ;  |c 12 cm +  |e 1 brožura [16 s.]. 
500 |a Nahr. neuv 
500 |a Durata neuv 
505 2 |a Medley No. 1, Léta jdou, Vyznání pumpařovo ... [et al.] 
653 0 |a country hudba 
910 |a BOA001  |b CD-0005.045 
964 |a Hudba country  |x CD 
990 |a AV